000 00578cam a22002053a 4500
001 34910
003 PGUSA
005 20140828083743.0
008 110110s2011||||xxu|||||s|||||000 | eng d
040 _aPGUSA
_beng
042 _adc
100 1 _aMaeterlinck, Maurice,
_d1862-1949
245 1 4 _aThe Inner Beauty
_h[electronic resource] /
_cMaurice Maeterlinck
260 _bProject Gutenberg,
_c2011
506 _aPublic domain in the USA.
516 _aElectronic text
830 0 _aProject Gutenberg
_v34910
856 4 0 _uhttp://www.gutenberg.org/ebooks/34910
942 _cEB
999 _c264165
_d264165